[Event "Dublin-ch Final Weekender 100th"]
[Site "Dublin"]
[Date "2021.08.20"]
[Round "1"]
[White "Kenny, William"]
[Black "Lievens, Karel"]
[Result "1/2-1/2"]
[WhiteElo "1719"]
[BlackElo "1512"]
[PlyCount "88"]
[EventDate "2021.08.20"]
[EventType "swiss"]
[EventRounds "5"]
[EventCountry "IRL"]
[SourceTitle "CBM 204 Extra"]
[Source "ChessBase"]
[SourceDate "2021.11.30"]
[SourceVersion "1"]
[SourceVersionDate "2021.11.30"]
[SourceQuality "1"]

1. d4 d5 2. c4 c6 3. Nf3 Nf6 4. Nbd2 Bf5 5. Nh4 e6 6. Nxf5 exf5 7. Qb3 Qc7 8. g3 Nbd7 9. Bg2 Rc8 10. 0-0 Nb6 11. c5 Nbd7 12. Nf3 b6 13. Bf4 Qd8 14. cxb6 Nxb6 15. Rfd1 Nh5 16. Bg5 f6 17. Bd2 Nc4 18. Bc3 Qc7 19. Qa4 Rb8 20. b3 Nd6 21. Nd2 Ne4 22. Qa5 Qxa5 23. Bxa5 Rb5 24. Nxe4 fxe4 25. Bd2 Bd6 26. Rac1 Rb6 27. Bh3 g6 28. Bh6 f5 29. Rc2 Kd7 30. g4 Nf4 31. Bxf4 Bxf4 32. gxf5 gxf5 33. Bxf5+ Ke7 34. e3 Rg8+ 35. Kh1 Rg5 36. Rg1 Rxf5 37. exf4 Rxf4 38. Rg7+ Rf7 39. Rxf7+ Kxf7 40. Kg2 Ke6 41. Kg3 Kd6 42. Kf4 Rb4 43. Ke3 Rb7 44. f4 exf3 1/2-1/2